People are Never the Problem (Record no. 2837)

MARC details
000 -LEADER
fixed length control field 00382nam a22001697a 4500
005 - DATE AND TIME OF LATEST TRANSACTION
control field 20160615163800.0
008 - FIXED-LENGTH DATA ELEMENTS--GENERAL INFORMATION
fixed length control field 160615b xxu||||| |||| 00| 0 eng d
020 ## - INTERNATIONAL STANDARD BOOK NUMBER
ISBN 81-7362-342-2
041 ## - LANGUAGE CODE
Language code of text/sound track or separate title eng
082 ## - DEWEY DECIMAL CLASSIFICATION NUMBER
Item number 7866
100 ## - MAIN ENTRY--AUTHOR NAME
Personal name Walth
245 ## - TITLE STATEMENT
Title People are Never the Problem
260 ## - PUBLICATION, DISTRIBUTION, ETC. (IMPRINT)
Name of publisher Head Gues
Year of publication 2003
300 ## - PHYSICAL DESCRIPTION
Number of Pages 177
650 ## - SUBJECT ADDED ENTRY--TOPICAL TERM
Topical Term Management
942 ## - ADDED ENTRY ELEMENTS (KOHA)
Koha item type Books
Holdings
Lost status Damaged status Collection code Home library Current library Shelving location Date acquired Cost, normal purchase price Full call number Accession Number Koha item type
    MANAGEMENT JRU Library JRU Library SHELF-71-D 15/06/2016 109.00 808.3 7866 Books